An analysis of Indian natural rubber market (Record no. 49829)

MARC details
000 -LEADER
fixed length control field 00383nam a2200121Ia 4500
100 ## - MAIN ENTRY--AUTHOR NAME
Personal name Ipe C.V.
245 #3 - TITLE STATEMENT
Title An analysis of Indian natural rubber market
260 ## - PUBLICATION, DISTRIBUTION, ETC. (IMPRINT)
Name of publisher Placrosym IX, 1990, Bangalore, India. Journal of Plantation Crops, 20 (Supplement): 414-416
Year of publication 1992
650 ## - SUBJECT ADDED ENTRY--TOPICAL TERM
Topical Term Marketing
650 ## - SUBJECT ADDED ENTRY--TOPICAL TERM
Topical Term Natural rubber
942 ## - ADDED ENTRY ELEMENTS (KOHA)
Koha item type Bibliography STAF
Holdings
Withdrawn status Lost status Damaged status Not for loan Home library Current library Shelving location Date acquired Koha item type
      Bibliography RRII Library RRII Library Economics 09/04/2014 Bibliography STAF